000 00392nam a22001457a 4500
999 _c7706
_d7704
005 20210322104443.0
008 210322b ||||| |||| 00| 0 eng d
082 _a346.066
100 _aAIYAR,A.N.
_96466
245 _aCOMPANY CASES THE CORPORATE LAW WEEKLY [VOL-190]
260 _aCHENNAI
_bCOMPANY LAW INSTITUTE OF INDIA
_c2015
300 _a612,i-xl,p
650 _aLAW
_95701
942 _cJRL